DC Comics A-Z - Statistics

General Stats
  • This quiz has been taken 172 times
  • The average score is 16 of 26
Answer Stats
Letter Hint Answer % Correct
B Bruce Wayne Batman
100%
F Barry Allen Flash
97%
N Dick Grayson Nightwing
93%
G Oliver Queen Green Arrow
92%
S Clark Kent Superman
92%
W Diana Prince Wonder Woman
92%
A Arthur Curry Aquaman
90%
R Edward Nigma Riddler
81%
D Ruler of Apokolips Darkseid
79%
C Leonard Snart Captain Cold
73%
Z Daughter of Zatura Zatanna
73%
H Kendra Saunders Hawkgirl
68%
M Victor Fries Mr. Freeze
68%
T Young Justice League Teen Titans
68%
K Caitlin Snow Killerfrost
67%
J Arthur Flek Joker
61%
O Brother of Aquaman Oceanmaster
51%
V Mari McCabe Vixen
40%
L The Main Man Lobo
39%
E Dead Boyfriend of Iris Eddie Thawne
32%
Q Vic Sage Question
30%
P Hartley Rathaway Pied Piper
26%
I Cameron Mahkent Icicle
19%
U Helps Zod and Non Ursa
17%
Y Stargirl's Wildcat Yolanda Montez
13%
X Cricket Green Lantern Xax
3%
No matching quizzes found
Score Distribution
Percent of People with Each Score
Percentile by Number Answered
Your Score History
You have not taken this quiz